000
00318nam a22001457a 4500
003
OSt
008
220521b ||||| |||| 00| 0 eng d
020
_a
9780753555637
082
_a
920.65 VAC
100
_a
VANCE, Ashlee
245
_a
Elon Musk
260
_a
London
_b
Virgin
_c
2015
300
_a
392
942
_2
ddc
_c
BK
999
_c
11255
_d
11255